Name The Countryball - Statistics

General Stats
  • This quiz has been taken 21 times
    9 since last reset
  • The average score is 8 of 9
Answer Stats
Hint Answer % Correct
Beret France
100%
Sombrero Mexico
100%
Viking Helmet Norway/Sweden/Iceland/Denmark
100%
Top Hat And Monocle UK
100%
Sunglasses USA
100%
Raccoon Hat Canada
86%
Square Israel/Kazakhstan
86%
Chopped In Half Panama
71%
Triangle Singapore
57%
No matching quizzes found
Score Distribution
Percent of People with Each Score
Percentile by Number Answered
Your Score History
You have not taken this quiz since the last reset